000 00467nam a2200157Ia 4500
999 _c34964
_d34964
003 OSt
005 20200611094908.0
008 190216s9999||||xx |||||||||||||| ||und||
040 _coclc
082 _a294.5
_bRAJ/W
100 _aRajshekar, V T
_9345
245 0 _aWeapons To Fight Counter Revolution /
_c V T Rajshekar
260 _bDalit Sahitya Akademy,
_c2004.
_aBangalore:
300 _a100p
942 _cBK
_2ddc
_h294.5
_iRAJ/W
_k294.5
_mRAJ/W